Radioinhibición en bulbos de ajo y cebolla : prueba de mercado /
Guardado en:
| Autor Principal: | |
|---|---|
| Otros Autores: | , |
| Formato: | Libro |
| Idioma: | Spanish |
| Publicado: |
Bahía Blanca :
Universidad Nacional del Sur. Departamento Qca. e Ing. Química. Lab. radioisótopos,
1985.
|
| Etiquetas: |
Agregar Etiqueta
Sin Etiquetas, Sea el primero en etiquetar este registro!
|
| LEADER | 00631nam a22001695a 4500 | ||
|---|---|---|---|
| 001 | EUN.um037113 | ||
| 003 | AR-BaUNS | ||
| 005 | 20050623122909.0 | ||
| 008 | 041125s1985####ag############000#0#spa#d | ||
| 245 | 1 | 0 | |a Radioinhibición en bulbos de ajo y cebolla : |b prueba de mercado / |c Ana M. Urioste, Clara A. Croci, Osvaldo A. Curzio. |
| 260 | |a Bahía Blanca : |b Universidad Nacional del Sur. Departamento Qca. e Ing. Química. Lab. radioisótopos, |c 1985. | ||
| 300 | |a 12 p. | ||
| 100 | 1 | |a Urioste, Ana M. | |
| 700 | 1 | |a Croci, Clara A. | |
| 700 | 1 | |a Curzio, Osvaldo A. | |
| 082 | 0 | 4 | |a 664.8 |
| 859 | |a Ar-BaUNS |b BIB. CENTRAL - Sector C |h 664.8 |i Ur3 |p 92785/985 | ||
